Электрооборудование электростанций (13.04.01): электронный курс

Bibliografiske detaljer
Hovedforfatter: Цибульский С. А. Святослав Анатольевич
Institution som forfatter: Национальный исследовательский Томский политехнический университет Инженерная школа энергетики Научно-образовательный центр И. Н. Бутакова (НОЦ И. Н. Бутакова)
Summary:Заглавие с экрана
Дисциплина «Электрооборудование электростанций» нацелена на подготовку магистрантов к: расчетно-проектной и проектно-конструкторской деятельности в области создания тепло-энергетического оборудования тепловых электрических станций с использованием современных технологий; производственно-технологической деятельности в области эксплуатации современного высокоэффективного теплоэнергетического оборудования электростанций с соблюдением требований защиты окружающей среды и безопасности производства; научно-исследовательской деятельности, связанной с выбором, оптимизацией и разработкой высокоэффективных методов и оборудования для преобразования энергии, выделяющейся при сжигании топлива, в тепловую и электрическую энергию.
Доступ по логину и паролю
Sprog:russisk
Udgivet: Томск, TPU Moodle, 2021
Fag:
Online adgang:https://design.lms.tpu.ru/course/view.php?id=4313
Format: Electronisk Bog
KOHA link:https://koha.lib.tpu.ru/cgi-bin/koha/opac-detail.pl?biblionumber=667570

MARC

LEADER 00000nlm0a2200000 4500
001 667570
005 20231102030931.0
035 |a (RuTPU)RU\TPU\network\38775 
035 |a RU\TPU\network\29793 
090 |a 667570 
100 |a 20220404d2021 m y0rusy50 ca 
101 0 |a rus 
102 |a RU 
105 |a a j 000zy 
135 |a jrcn ---uucaa 
181 0 |a i  
182 0 |a b 
200 1 |a Электрооборудование электростанций (13.04.01)  |e электронный курс  |f С. А. Цибульский  |g Национальный исследовательский Томский политехнический университет, Инженерная школа энергетики, Научно-образовательный центр И. Н. Бутакова (НОЦ И. Н. Бутакова) 
203 |a Текст  |c электронный 
210 |a Томск  |c TPU Moodle  |d 2021 
230 |a Электрон. дан. 
300 |a Заглавие с экрана 
330 |a Дисциплина «Электрооборудование электростанций» нацелена на подготовку магистрантов к: расчетно-проектной и проектно-конструкторской деятельности в области создания тепло-энергетического оборудования тепловых электрических станций с использованием современных технологий; производственно-технологической деятельности в области эксплуатации современного высокоэффективного теплоэнергетического оборудования электростанций с соблюдением требований защиты окружающей среды и безопасности производства; научно-исследовательской деятельности, связанной с выбором, оптимизацией и разработкой высокоэффективных методов и оборудования для преобразования энергии, выделяющейся при сжигании топлива, в тепловую и электрическую энергию. 
333 |a Доступ по логину и паролю 
606 1 |a Электрические станции  |x Электрооборудование  |2 stltpush  |3 (RuTPU)RU\TPU\subj\27642  |9 51365 
610 1 |a электронный ресурс 
610 1 |a труды учёных ТПУ 
610 1 |a электронное обучение 
610 1 |a электронные курсы ТПУ 
610 1 |a электронные учебные пособия 
610 1 |a электрооборудование 
610 1 |a короткие замыкания 
610 1 |a электрические системы 
610 1 |a распределительные устройства 
610 1 |a релейная защита 
610 1 |a автоматика 
675 |a 621.311.2.002.5-83(075.8)  |v 3 
700 1 |a Цибульский  |b С. А.  |c специалист в области энергетики  |c доцент Томского политехнического университета, кандидат технических наук  |f 1990-  |g Святослав Анатольевич  |2 stltpush  |3 (RuTPU)RU\TPU\pers\31865 
712 0 2 |a Национальный исследовательский Томский политехнический университет  |b Инженерная школа энергетики  |b Научно-образовательный центр И. Н. Бутакова (НОЦ И. Н. Бутакова)  |h 8025  |2 stltpush  |3 (RuTPU)RU\TPU\col\23504 
801 2 |a RU  |b 63413507  |c 20220816  |g RCR 
856 4 |u https://design.lms.tpu.ru/course/view.php?id=4313 
942 |c CF